Movie Titles Starting with Movie Titles Quiz Stats

Quiz Updated Mar 8, 2012

Challenge
Share
Tweet
Embed
Score 0/30 Timer 08:00
0 Plays Today
Year, Star Title % Correct
2009, Ed AsnerUP in the Air
55.5%
1998, Wesley SnipesBLADE Runner
44.7%
1988, Tom HanksBIG Daddy
41.4%
1995, Robert De NiroCASINO Royale
38.9%
1990, Patrick SwayzeGHOST Rider
37.5%
2004, Queen LatifahTAXI Driver
29.7%
1999, Eddie MurphyLIFE Is Beautiful
28%
2002, Ralph FiennesSPIDER-Man
23.5%
2003, John TravoltaBASIC Instinct
22.3%
2003, Charlize TheronMONSTER-in-Law
22.2%
1982, Albert FinneyANNIE Hall
22%
1994, Keanu ReevesSPEED Racer
20.9%
2008, Sean PennMILK Money
20%
1995, Brad PittSEVEN Years in Tibet
19.6%
1991, Jason PatricRUSH Hour
18.8%
Year, Star Title % Correct
1999, Kirsten DunstDICK Tracy
16.9%
1989, Denzel WashingtonGLORY Road
13.5%
1996, John TravoltaMICHAEL Clayton
13%
1994, Elijah WoodNORTH by Northwest
12.5%
1979, Sigourney WeaverALIEN Nation
11.6%
1996, Robin WilliamsJACK Frost
11.3%
2004, Tom CruiseCOLLATERAL Damage
11.2%
1996, Mark WahlbergFEAR and Loathing in Las Vegas
10.3%
1979, Woody AllenMANHATTAN Murder Mystery
9.7%
1993, Juliette BinocheBLUE Velvet
9.6%
2003, Cuba Gooding Jr.RADIO Flyer
7.4%
2003, Evan Rachel WoodTHIRTEEN Days
6.9%
2001, Johnny DeppBLOW Out
4.7%
2005, Gwyneth PaltrowPROOF of Life
4.5%
2007, Glen HansardONCE Upon a Time in the West
4.5%

You're not logged in!

Compare scores with friends on all Sporcle quizzes.
Join for Free
OR
Log In

You Might Also Like...

Show Comments

Extras

Top Quizzes Today


Score Distribution

Your Account Isn't Verified!

In order to create a playlist on Sporcle, you need to verify the email address you used during registration. Go to your Sporcle Settings to finish the process.

Report this User

Report this user for behavior that violates our Community Guidelines.

Details: